MAASAI MARA UNIVERSITY

LIBRARY CATALOGUE

Contact Us: +254 020 2685356/7 or 0774 057787

Box: 861-20500, NAROK, KENYA

Email: info@mmarau.ac.ke

Tizard Ian R. (Record no. 4628)

MARC details
000 -LEADER
fixed length control field 00419nam a2200145Ia 4500
008 - FIXED-LENGTH DATA ELEMENTS--GENERAL INFORMATION
fixed length control field 151015s9999 xx 000 0 und d
020 ## - INTERNATIONAL STANDARD BOOK NUMBER
International Standard Book Number 3128374
050 ## - LIBRARY OF CONGRESS CALL NUMBER
Classification number QR 181.T53 1992
245 ## - TITLE STATEMENT
Title Tizard Ian R.
250 ## - EDITION STATEMENT
Edition statement _Immunology An Introduction (2nd ed. )/ Ian R. Tizard
300 ## - PHYSICAL DESCRIPTION
Extent Chicago : Saunders College , 1992
500 ## - GENERAL NOTE
General note Includes index
650 ## - SUBJECT ADDED ENTRY--TOPICAL TERM
Topical term or geographic name as entry element _Immunology
700 ## - ADDED ENTRY--PERSONAL NAME
Personal name ^d20130521 01:34:48^oanne

No items available.

© 2016 Maasai Mara University.